000 00765nam a22002177a 4500
003 0
005 20251009083130.0
008 251009b xxu||||| |||| 00| 0 eng d
020 _a978-1-03-259254-1
050 _aGV 706.4
_b.L38 2025
100 _aLatinjak, Alexander T.,
_eauthor.
245 _aPsychmapping in sport, exercise, and performance :
_ban applied approach /
_cAlexander T. Latinjak.
260 _aNew York, NY :
_bRoutledge,
_c2025.
300 _axiii, 271 pages :
_billustrations ;
_c25 cm.
504 _aIncludes bibliographical references and index.
650 _aSports
_xPsychological aspects.
650 _aExercise
_xPsychological aspects.
650 _aPerformance
_xPsychological aspects.
650 _aSports psychology.
942 _2lcc
_cBK
999 _c368189
_d368189